000 00643nam a2200157 a 4500
008 201118s2015 ||||||||||||||||| || u
020 _a9780192772008
050 _aPZ 7.S73712
100 _aSparkes, Ali
245 1 0 _aCar- Jacked
_cBy Ali Sparkes
260 _aOxford
_bOxford University Press
_c2015
300 _a304 pages
650 _aENGLISH LANGUAGE
995 _aFICTION Collection
_e905218
_FCBU-SCHOOL OF MEDICINE LIBRARY (Ndola)
_jPZ 7.S73712
_M1
_UAVAILABLE
_WNov 30, 2020
_y905218
_ZFiction Collection
995 _aFICTION Collection
_e750513
_FCBU-MAIN LIBRARY (Kitwe)
_jPZ 7.S73712
_M2
_UAVAILABLE
_WDec 10, 2020
_y750513
_ZFiction Collection
999 _c63962
_d63962